000 00797cab a2200253 4500
001 ABS55697
008 090401t1996 xxu||||| |||| 00| 0 eng d
035 _a(Sirsi) u18130
041 _aeng
100 _aKing, D.
245 _aBidding for an easy passage
260 _c1996
350 _a0
490 _aInside Housing
_v23 August 1996, 12-13(2)
520 _aOutlines the Housing Corporation`s strategy for dealing with bids for 1997/98 approved development programme resources from housing associations. Flow charts explains the procedure.
650 _aAPPROVED DEVELOPMENT PROGRAMME
650 _aBIDDING
650 _aFUNDS ALLOCATION
650 _aHOUSING ASSOCIATIONS
650 _aHOUSING CORPORATION
690 _aHOUSING-FINANCE
942 _n0
948 _c04/03/1997
999 _c12023
_d12023